| 000 | 00969nam a22003017a 4500 | ||
|---|---|---|---|
| 001 | 5097 | ||
| 003 | FISKH | ||
| 005 | 20250331082606.0 | ||
| 008 | 241106b cb ||||| |||| 00| 0 eng d | ||
| 020 | _a9780545016223 | ||
| 040 |
_aFISKH _beng _cFISKH _dFISKH |
||
| 050 | _aPZ7.P2185 | ||
| 082 | _a813.6 | ||
| 100 |
_aParish, Herman _d(1953–2024) |
||
| 245 |
_aAmelia bedelia under construction / _cStory by Herman Parish pictures by Lynn Sweat |
||
| 250 | _aFirst printing in 2007 | ||
| 260 |
_aNew York : _bScholastic, _c2007. |
||
| 300 |
_a64 pages : _bColor illustrations ; _c23 cm |
||
| 505 | _aJ | ||
| 520 | _aWhen Amelia Bedelia babysits for the Hardy family, she becomes involved in some unexpected remodeling of their house. | ||
| 521 | 8 |
_a490L
_bLexile |
|
| 521 | 8 |
_aJ
_bRaz-Plus |
|
| 650 |
_2Amelia Bedelia _aEarly reader |
||
| 650 |
_2Construction _aFiction |
||
| 700 |
_aSweat, Lynn _dIllustrator |
||
| 942 |
_2ddc _cBK _n0 |
||
| 999 |
_c5097 _d5097 |
||